000 00377nam a22001457a 4500
005 20241127110939.0
008 241127b |||||||| |||| 00| 0 eng d
020 _a9780582601000
050 _aPR9898.
_bWAN9 NWO
100 _aNWOGA, IBE
245 _aWEST AFRICAN VERSE;
_bAN ANTHLOGY
260 _aENGLAND
_bPEARSON EDUCATION LTD
_cc1967
300 _a242p
942 _2lcc
_cBK
_n0
999 _c1592
_d1592